Analyse harmonique commutative

Αποθηκεύτηκε σε:
Λεπτομέρειες βιβλιογραφικής εγγραφής
Κύριος συγγραφέας: Guichardet, A. (Alain)
Μορφή: Βιβλίο
Γλώσσα:French
Δημοσίευση: Paris : Dunod, 1968.
Σειρά:Monographies universitaires de mathematiques ; 26
Θέματα:
Ετικέτες: Προσθήκη ετικέτας
Δεν υπάρχουν, Καταχωρήστε ετικέτα πρώτοι!

MARC

LEADER 00000cam a2200000 a 4500
001 1/116836
008 180615s1968####fr | ||| |||| ||fre||
040 |a GR-MyUa  |b gre  |c GR-MyUa  |e AACR2 
041 0 |a fre 
082 7 |a 512.25   |2 (23) 
100 1 |a Guichardet, A.   |q (Alain) 
245 1 0 |a Analyse harmonique commutative /   |c Alain Guichardet.  
260 |a Paris :   |b Dunod,   |c 1968.  
300 |a xiii, 134 σ. ;   |c 24 εκ.  
490 1 |a (Monographies universitaires de mathematiques ;   |v 26) 
504 |a Περιέχει βιβλιογραφικές αναφορές και ευρετήριο.  
650 0 |a Harmonic analysis. 
650 0 |a Abelian groups. 
830 0 |a Monographies universitaires de mathematiques  |v ; 26 
852 |a INST  |b SAMOS  |e 20180615  |h 512.25 GUI  |p 005300045517  |q 005300045517  |t BK  |y 0 
970 |a Γουβάλα  |b Βάσω   |z 15-06-2018